All Brawlers In brawl stars by picture - Statistics

General Stats
  • This quiz has been taken 77 times
  • The average score is 52 of 86
Answer Stats
Hint Answer % Correct
BEAR Nita
91%
Trash Can Ash
85%
No voice Spike
85%
Where's my head? Tick
80%
Caw Caw! Crow
78%
Bringer of doom Mortis
78%
3 eyes Tara
78%
Pew Pew Colt
76%
Player 1 8-Bit
74%
Hot Dog Doug
74%
Wrestle Mask El Primo
74%
Invisible! Leon
74%
Speedy Max
74%
Bulldozer Bull
72%
Geology Rocks! Carl
72%
Frankenstein Frank
72%
Pirate Helper Penny
72%
No Time To Explain! Shelly
72%
Boom Box Brock
70%
A "Phase" Edgar
70%
Sushi Kenji
70%
Meow Kit
70%
Candy Shop Owner Mandy
70%
The Spirits Bo
69%
Candy Shop Worker Chester
69%
Turret! Jessie
69%
FIRE! Amber
67%
Lobster? Clancy
67%
Pirate Captain Darryl
67%
Money Griff
67%
Scary Gus
67%
What The *#@$%! Jacky
67%
Sleepy Sandy
67%
Birdie, Birdie, Birdie Dynamike
65%
Sneakers Fang
65%
Old Working Man Gale
65%
Prawn Ready Hank
65%
Ice Cream Lou
65%
Knuckle Busters Sam
65%
Pile Of Clothes Shade
65%
Monkey Mico
63%
Mole Rat Moe
63%
Snowtel Owner Mr. P
63%
Cookies! Pearl
63%
Shadow Realm Cordelius
61%
Dragon Music Draco
61%
Musical Mayhem Poco
61%
Boxer Rosa
61%
Snake Oil Byron
59%
Cocoon Charlie
59%
Watcher RT
59%
Swaggy Surge
59%
Another Round? Barley
57%
Torpedo Buzz
57%
Scrap Book Colette
57%
Magic Gene
57%
Junkyard Pam
57%
Mime Gray
56%
Hero! Meg
56%
Baker Piper
56%
Bouncy Rico
56%
Good Boy Ruffs
56%
The Law! Larry And Lawrie
54%
Punk Bibi
52%
Fly Away! Janet
52%
Music Note Melodie
52%
Gold Tooth Belle
50%
Conductor Chuck
50%
Blub Blub Blub Otis
50%
Cannon Bonnie
48%
Shield Buster
48%
Detox Emz
48%
Ego Lola
48%
Trees Sprout
48%
Slobber Squeak
48%
Witch Willow
48%
School Flashbacks Grom
44%
Hex Juju
44%
Security Camera Nani
44%
Lets Go Explore! Bea
43%
Pile Of Leaves Lily
39%
Bug Angelo
37%
No Home Eve
37%
Only Kind Of Broken Stu
35%
Danger! Maisie
31%
"Unicorn" Barry
30%
No matching quizzes found
Score Distribution
Percent of People with Each Score
Percentile by Number Answered
Your Score History
You have not taken this quiz